[Event "Benidorm FEDC op 20th"]
[Site "Benidorm"]
[Date "2018.06.12"]
[Round "3"]
[White "Pimienta Sanchez, Manuel"]
[Black "Ampudia Asensio, Jose Luis"]
[Result "0-1"]
[WhiteElo "1772"]
[BlackElo "1674"]
[PlyCount "144"]
[EventDate "2018.06.10"]
[EventType "swiss"]
[EventRounds "7"]
[EventCountry "ESP"]
[SourceTitle "CBM 184 Extra"]
[Source "ChessBase"]
[SourceDate "2018.06.28"]
[SourceVersion "1"]
[SourceVersionDate "2018.06.28"]
[SourceQuality "1"]

1. d4 d5 2. Nf3 Nf6 3. c4 e6 4. Nc3 Bb4 5. Bg5 0-0 6. e3 Nbd7 7. Bd3 c6 8. 0-0 dxc4 9. Bxc4 Bxc3 10. bxc3 Qa5 11. Qc2 h6 12. Bf4 Nd5 13. Bxd5 cxd5 14. Bd6 Re8 15. a4 Nf6 16. Rfc1 Ne4 17. Bb4 Qd8 18. c4 a5 19. Ba3 Ra6 20. Ne5 f6 21. Nd3 Rc6 22. c5 Qe7 23. f3 Ng5 24. Qd2 Qc7 25. Bb2 Nf7 26. Bc3 Ra6 27. f4 Bd7 28. Re1 Bc6 29. Nc1 Rea8 30. Rf1 Qd7 31. Qd1 b6 32. cxb6 Rxb6 33. Nd3 Nd8 34. Nc5 Qa7 35. Qg4 Qf7 36. Rfb1 Rxb1+ 37. Rxb1 f5 38. Qh4 Qa7 39. Qh5 Qf7 40. Qd1 Qe8 41. Rb6 Qe7 42. Qb1 Qc7 43. Be1 Bd7 44. Bh4 Nc6 45. Rb7 Rb8 46. Rxc7 Rxb1+ 47. Kf2 Rb2+ 48. Kg3 Be8 49. Nxe6 Rb3 50. Kf2 Rb2+ 51. Kf1 Rb1+ 52. Be1 Nb4 53. Rc3 Bxa4 54. Nc5 Bb5+ 55. Kf2 Rb2+ 56. Kg3 Rb1 57. Bd2 Rd1 58. Bc1 Na2 59. Rb3 Bc4 60. Rb8+ Kh7 61. Ba3 Re1 62. Kf2 Rf1+ 63. Kg3 Re1 64. Bb2 Rxe3+ 65. Kh4 Nb4 66. Nd7 Nd3 67. Nf8+ Kg8 68. Ba3 Ne1 69. Bd6 Nxg2+ 70. Kh5 Rh3+ 71. Kg6 Nh4+ 72. Kh5 Be2# 0-1

[Event "Las Palmas Montalvo Memorial 11th"]
[Site "Las Palmas"]
[Date "2018.03.25"]
[Round "2"]
[White "Pimienta Sanchez, Manuel"]
[Black "Mamani Beltran, Daniel"]
[Result "1-0"]
[WhiteElo "1814"]
[BlackElo "1520"]
[PlyCount "73"]
[EventDate "2018.03.24"]
[EventType "swiss"]
[EventRounds "9"]
[EventCountry "ESP"]
[SourceTitle "CBM 183 Extra"]
[Source "ChessBase"]
[SourceDate "2018.04.19"]
[SourceVersion "1"]
[SourceVersionDate "2018.04.19"]
[SourceQuality "1"]

1. d4 d5 2. c4 e6 3. Nc3 Be7 4. Nf3 Nf6 5. Bg5 Nbd7 6. e3 c6 7. Bd3 b6 8. 0-0 0-0 9. Rc1 Bb7 10. cxd5 exd5 11. a3 c5 12. Re1 Rc8 13. h3 a6 14. Bf5 g6 15. Bd3 c4 16. Bb1 Ne4 17. Bxe7 Qxe7 18. Nh2 Nxc3 19. Rxc3 b5 20. Ng4 a5 21. Qf3 Kg7 22. Qf4 Rfd8 23. e4 Nf6 24. e5 Nxg4 25. hxg4 Rh8 26. Rh3 h6 27. Qg3 Rc6 28. f4 g5 29. f5 f6 30. Re3 Qf7 31. Qe1 Qc7 32. exf6+ Kxf6 33. Re6+ Rxe6 34. Qxe6+ Kg7 35. Qg6+ Kf8 36. Re3 Qc6 37. f6 1-0

[Event "ESP-ch FEDC 26th"]
[Site "Ciudad Real"]
[Date "2017.11.17"]
[Round "6.10"]
[White "Pimienta Sanchez, Manuel"]
[Black "Munoz Perez, Javier C"]
[Result "1-0"]
[WhiteElo "1882"]
[BlackElo "1541"]
[PlyCount "56"]
[EventDate "2017.11.12"]
[EventType "swiss"]
[EventRounds "8"]
[EventCountry "ESP"]
[SourceTitle "EXT 2024"]
[Source "ChessBase"]
[SourceDate "2023.10.10"]
[SourceVersion "1"]
[SourceVersionDate "2023.10.10"]
[SourceQuality "1"]

1. d4 Nf6 2. c4 g6 3. g3 Bg7 4. Bg2 0-0 5. Nc3 d6 6. Bg5 h6 7. Bxf6 Bxf6 8. Nf3 Na6 9. Qd2 Bg7 10. h4 c5 11. 0-0 Rb8 12. Rad1 cxd4 13. Nxd4 Nc5 14. b4 Ne6 15. Nxe6 Bxe6 16. Nd5 b6 17. Rc1 Rc8 18. Qd3 Bf5 19. Qa3 a5 20. Rfe1 Be6 21. e4 Ra8 22. Nf4 axb4 23. Qxb4 Rxa2 24. Rb1 Qc7 25. Nd5 Bxd5 26. exd5 Bd4 27. Rf1 Rfa8 28. Qb5 R8a5 1-0

[Event "ESP-ch FEDC 26th"]
[Site "Ciudad Real"]
[Date "2017.11.14"]
[Round "3.7"]
[White "Diez Asensio, Jesus"]
[Black "Pimienta Sanchez, Manuel"]
[Result "1/2-1/2"]
[WhiteElo "1833"]
[BlackElo "1882"]
[PlyCount "75"]
[EventDate "2017.11.12"]
[EventType "swiss"]
[EventRounds "8"]
[EventCountry "ESP"]
[SourceTitle "EXT 2024"]
[Source "ChessBase"]
[SourceDate "2023.10.10"]
[SourceVersion "1"]
[SourceVersionDate "2023.10.10"]
[SourceQuality "1"]

1. d4 e6 2. g3 c5 3. Nf3 cxd4 4. Nxd4 Qa5+ 5. Nc3 Nc6 6. Bg2 Nxd4 7. Qxd4 Nf6 8. 0-0 Bc5 9. Qd3 a6 10. Bf4 d5 11. a3 Be7 12. e4 e5 13. Bg5 d4 14. Bxf6 gxf6 15. Nd5 Bd7 16. b4 Qd8 17. Rfe1 Rc8 18. Rac1 Be6 19. c3 Bxd5 20. exd5 dxc3 21. Rxc3 Rxc3 22. Qxc3 Bd6 23. Rc1 Ke7 24. Qd3 Qd7 25. Be4 h5 26. Bf5 Qa4 27. Rc8 Rxc8 28. Bxc8 a5 29. bxa5 Qxa5 30. Bxb7 Bxa3 31. Qf5 Bc5 32. Bc6 Qa1+ 33. Kg2 Qd4 34. Qd7+ Kf8 35. Qf5 e4 36. d6 Bxd6 37. Qxe4 Qc5 38. Bd5 1/2-1/2

[Event "Valladolid Once-ch 23rd"]
[Site "Valladolid"]
[Date "2012.11.25"]
[Round "8"]
[White "Pimienta Sanchez, Manuel"]
[Black "Septien Lopez, Valeriano"]
[Result "0-1"]
[WhiteElo "1860"]
[BlackElo "1879"]
[PlyCount "88"]
[EventDate "2012.11.18"]
[EventType "swiss"]
[EventRounds "8"]
[EventCountry "ESP"]
[SourceTitle "CBM 151 Extra"]
[Source "ChessBase"]
[SourceDate "2012.12.18"]
[SourceVersion "1"]
[SourceVersionDate "2012.12.18"]
[SourceQuality "1"]

1. d4 d5 2. c4 dxc4 3. e4 c5 4. d5 Nf6 5. Nc3 b5 6. Bg5 a6 7. a4 b4 8. Bxf6 gxf6 9. Nb1 f5 10. e5 e6 11. Bxc4 Bb7 12. Nf3 Bxd5 13. Bxd5 Qxd5 14. Qxd5 exd5 15. 0-0 Nc6 16. Rd1 0-0-0 17. Nbd2 Bg7 18. Nb3 c4 19. Nbd4 Nxe5 20. Nxe5 Bxe5 21. Nc6 Bxb2 22. Ra2 Bc3 23. Re2 Rhe8 24. Kf1 Rxe2 25. Kxe2 Rd7 26. Rxd5 Rxd5 27. Ne7+ Kd7 28. Nxd5 Kd6 29. Ne3 Kc5 30. Nxf5 b3 31. Kd1 Be5 32. g3 Kb4 33. Ne3 c3 34. Kc1 Kxa4 35. h4 Kb4 36. h5 a5 37. Nd5+ Kc5 38. Ne3 Kd4 39. Ng4 Bh8 40. f4 Kd3 41. Nf2+ Ke3 42. Ng4+ Kf3 43. Nh6 Bd4 44. Nxf7 Be3+ 0-1